The constitution of Vermont : As adopted by the Convention, holden at Windsor, July fourth, one thousand seven hundred and ninety-three.

Bibliographic Details
Corporate Authors: Vermont, Gale (Firm)
Other Authors: Spooner, Alden, 1757-1827 (Printer)
Format: eBook
Language:English
Subjects:
Online Access:Connect to the full text of this electronic book

MARC

Tag First Indicator Second Indicator Subfields
LEADER 00000cam a2200000 4500
001 in00003882575
005 20190415193258.0
006 m o d
007 cr |n||||||||n
008 830711s1793 xxu|||| o o00| | eng c
035 |a (CU-RivES)W8523 
035 |a (Uk-ES)006450305 
035 |a (OCoLC)510935318 
040 |a MWA  |c MWA  |d CU-RivES  |d CStRLIN  |d Cengage Gale  |d UtOrBLW 
050 4 |a Z1215  |b .V476 1793 
110 1 |a Vermont.  |0 http://id.loc.gov/authorities/names/n50081291 
240 1 0 |a Constitution (1793) 
245 1 4 |a The constitution of Vermont :  |b As adopted by the Convention, holden at Windsor, July fourth, one thousand seven hundred and ninety-three. 
264 3 |a Windsor [Vt.] :  |b Printed by Alden Spooner,  |c M,DCC,XCIII. [1793] 
300 |a 1 online resource (29, 3 unnumbered pages)  
336 |a text  |b txt  |2 rdacontent 
337 |a computer  |b c  |2 rdamedia 
338 |a online resource  |b cr  |2 rdacarrier 
500 |a With a half-title. 
509 |a Signatures: [A]⁴ B-D⁴ (D3 verso, D4 blank) 
510 4 |a Evans,  |c 26378 
510 4 |a McCorison, M.A. Vermont,  |c 279 
510 4 |a English Short Title Catalog,  |c W8523. 
500 |a Reproduction of original from Library of Congress. 
500 |a Electronic resource. 
650 0 |a Constitutions  |z Vermont  |v Early works to 1800. 
655 7 |a Electronic books.  |2 local 
700 1 |a Spooner, Alden,  |d 1757-1827,  |e printer.  |0 http://id.loc.gov/authorities/names/nr91018073 
710 2 |a Gale (Firm)  |0 http://id.loc.gov/authorities/names/no2008071348 
752 |a United States  |b Vermont  |d Windsor. 
856 4 0 |u http://proxy.library.tamu.edu/login?url=http://find.galegroup.com/ecco/infomark.do?contentSet=ECCOArticles&docType=ECCOArticles&bookId=1412100900&type=getFullCitation&tabID=T001&prodId=ECCO&docLevel=TEXT_GRAPHICS&version=1.0&source=library&userGroupName=txshracd2898  |z Connect to the full text of this electronic book  |t 0 
999 f f |s 9a975247-0bab-3e27-be61-2d53a557fea0  |i c97f0620-0902-3e2e-809b-4d2fb766df12  |t 0 
952 f f |a Texas A&M University  |b College Station  |c Electronic Resources  |d Available Online  |t 0  |e Z1215 .V476 1793  |h Library of Congress classification 
998 f f |a Z1215 .V476 1793  |t 0  |l Available Online